| 000 | 01417nam0a22003251 4500 | ||
|---|---|---|---|
| 001 | rc\3372102 | ||
| 005 | 20260407142240.0 | ||
| 021 |
_aRU _b[70-85162] |
||
| 035 | _a(NLR Aleph) 007530595 | ||
| 090 |
_a7753879 _c7753879 |
||
| 100 | _a20130115d1970 |||y0rusy50 ca | ||
| 101 | 0 | _arus | |
| 102 | _aRU | ||
| 105 | _aa z ||||| | ||
| 200 | 1 |
_aРазвитие внутренних напряжений в клееной древесине лиственницы _fГипронисельхоз Главсельстройпроекта МСХ СССР. ВНИИТЭИСХ |
|
| 210 |
_aМосква _cБ. и. _d1970 |
||
| 215 |
_a20 с. _cчерт. _d20 |
||
| 300 | _aАвт. указаны на обороте тит. л.: Лепарский Л.О., Абелев Б.Г., Беккер А.В. | ||
| 320 | _aБиблиогр.: с. 20 (6 назв.) | ||
| 606 |
_aДеревянные конструкции, клееные _xНапряжения внутренние _2psbo |
||
| 606 |
_aДревесина лиственничная _2psbo |
||
| 700 | 1 |
_aЛепарский _bЛ.О. _gЛеонтин Ольгердович |
|
| 701 | 1 |
_aАбелев _bБ.Г. |
|
| 701 | 1 |
_aБеккер _bА.В. |
|
| 712 | 0 | 2 |
_a"Гипросельхоз", институт _cМосква _3RU\NLR\AUTH\8810011799 _9521327 |
| 801 | 0 |
_aRU _bNLR _gpsbo |
|
| 801 | 1 |
_aRU _bELAR _2rusmarc |
|
| 852 |
_aNLR _j70-4/25290 |
||
| 942 | _cBOOK | ||
| 980 | _aNB | ||